Countries That Use USD - Statistics

General Stats
  • This quiz has been taken 20 times
  • The average score is 5 of 8
Answer Stats
Hint Answer % Correct
+ United States of America
100%
$ El Salvador
82%
+ Ecuador
76%
$ Panama
76%
+ Federated States of Micronesia
53%
+ Marshall Islands
47%
+ Palau
47%
+ Timor-Leste
41%
No matching quizzes found
Score Distribution
Percent of People with Each Score
Percentile by Number Answered
Your Score History
You have not taken this quiz